| 000 | 00484nam a22001337a 4500 | ||
|---|---|---|---|
| 082 |
_a355.02 _bCHA _cD |
||
| 100 |
_aJohn Gooch, Cohen, A Eliot. _937888 |
||
| 245 |
_aMilitary misfortunes _bThe anatomy of failure in war _cJohn Gooch, Cohen, A Eliot. |
||
| 260 |
_aUnited State America _bThe free press A Division of Macmillan (New York) _cc1990 |
||
| 300 | _aviii, 296 p. | ||
| 526 |
_a0 _b0 _c0 _d355_020000000000000_CHA |
||
| 700 |
_aJohn Gooch, Cohen, A Eliot. _937888 |
||
| 942 |
_2ddc _cBK |
||
| 999 |
_c542636 _d542636 |
||